Introduction a l'histoire de la philosophie

Guardat en:
Dades bibliogràfiques
Autor principal: Cousin, Víctor (Autor)
Format: Llibre
Idioma:francès
Publicat: París Didier 1868
Edició:6a. ed
Matèries:
Etiquetes: Afegir etiqueta
Sense etiquetes, Sigues el primer a etiquetar aquest registre!

MARC

LEADER 00000nam a2200000 a 4500
001 UCZ3279
003 CL-VaPUC
008 951020e18680000FR |||||||||||||||||fre|d
082 0 4 |a 109  |b COU  |2 21 
100 |a Cousin, Víctor  |e author  |9 347056 
245 1 0 |a Introduction a l'histoire de la philosophie 
250 |a 6a. ed 
300 |a 346 p 
942 |c BK 
945 |d 19951020 00:00:00  |a cmena 
260 |a París  |b Didier  |c 1868 
650 0 |a Filosofía   |9 223554 
650 0 |a Historia  |9 255047 
650 7 |a HOMBRE  |2 CL-VaPUC  |9 262149 
650 0 |a Historia y estudios conexos  |9 338055 
583 |a last modification  |c 19951020 00:00:00  |k Rodrigo Vera 
999 |c 239769  |d 239767 
952 |0 0  |1 0  |4 0  |6 109_000000000000000_COU_1868  |7 0  |8 P  |9 251156  |a BIBEDU  |b BIBEDU  |c BIBEDU_PB  |d 2019-11-18  |i 2916924  |o 109 COU 1868  |p 2916924  |r 2024-01-25  |w 2019-11-18  |y BK  |k FIL